000 00606cam a2200205 4500500
005 20260329002839.0
041 _afre
042 _adc
100 1 0 _aPortevin, Catherine
_eauthor
245 0 0 _aLe Dictionnaire Martin Heidegger
260 _c2013.
500 _a49
690 _aAvenance
690 _aDa-sein
690 _aDictionnaire
690 _aHeidegger
690 _aMichel Eltchaninoff
786 0 _nPhilosophie magazine | 75 | 12 | 2013-12-01 | p. 60-60 | 1951-1787
856 4 1 _uhttps://shs.cairn.info/magazine-philosophie-magazine-2013-12-page-60?lang=fr&redirect-ssocas=7080
999 _c1818946
_d1818946